000 00302nam a22001337a 4500
008 170221b xxu||||| |||| 00| 0 eng d
020 _a10834
041 _aeng
080 _a615
100 _a5
101 _aSHF
245 _aTHE ESSENTIAL GUIDE TO PRESCRIPTION DRUGS
_cRYBACKI, J,J
942 _2udc
_cBK
999 _c5964
_d5964